La lettera d'amore /

সংরক্ষণ করুন:
গ্রন্থ-পঞ্জীর বিবরন
প্রধান লেখক: Schine, Cathleen (লেখক)
অন্যান্য লেখক: Arborio Mella, Giulia (সম্পাদক), Scarpa, Domenico (অনুবাদক)
বিন্যাস: গ্রন্থ
ভাষা:ইতালিয়
প্রকাশিত: Milano : Adelphi, 1996
মালা:Fabula ; 96
ট্যাগগুলো: ট্যাগ যুক্ত করুন
কোনো ট্যাগ নেই, প্রথমজন হিসাবে ট্যাগ করুন!

MARC

LEADER 00000nam a22000007i 4500
001 IT\ICCU\LO1\0415205
003 ItRI
005 20260115231914.0
008 961114s1996 it |||||| |||||1|||||c
020 |a 8845912515 
020 |a 9788845912511 
040 |b ita  |c importazione bologna sebina 
041 7 |a ita  |2 ISO-639-2 
082 |a 813.54  |9 NARRATIVA AMERICANA IN LINGUA INGLESE. 1945-  |2 19 
100 1 |a Schine, Cathleen  |0 IT\ICCU\LO1V\158160  |4 aut 
240 1 4 |a The love letter  |3 IT\ICCU\LO1\0415686  |9 Schine, Cathleen 
245 1 3 |a La lettera d'amore /  |c Cathleen Schine. 
260 |a Milano :  |b Adelphi,  |c 1996 
300 |a 269 p. ;  |c 22 cm 
500 |a Traduzione di Domenico Scarpa; cura editoriale di Giulia Arborio Mella 
700 1 |a Arborio Mella, Giulia  |0 IT\ICCU\RAVV\068958  |4 edt 
700 1 |a Scarpa, Domenico  |0 IT\ICCU\RAVV\086167  |4 trl 
830 0 |a Fabula ;  |v 96  |0 IT\ICCU\CFI\0013960 
942 |2 ddc  |c BK  |n 0 
952 |0 0  |1 0  |4 0  |6 L_813_540000000000000_SCH  |7 0  |9 16050  |a BO  |b BO  |d 2026-01-15  |i 20040  |l 0  |o L 813.54 SCH  |p BO20040  |r 2026-01-15 23:19:14  |w 2026-01-15  |x [Sebina 5] [1 v.]  |y BK  |z 1 v. 
999 |c 13797  |d 13797